| 000 | 00967nam a22002771i 4500 | ||
|---|---|---|---|
| 003 | SA-RiAUC | ||
| 005 | 20241223074311.0 | ||
| 008 | 241217s2000 ir g 000 0 ara c | ||
| 020 | _a9644722922 | ||
| 040 |
_aSA-MaHRM _bara _cSA-RiAUC _erda |
||
| 041 | 1 |
_aara _hund |
|
| 043 | _aa-ir--- | ||
| 082 | 0 | 4 | _a955.210 |
| 090 |
_a210. 955 _bم ط هـ |
||
| 100 | 1 |
_aمطهري، مرتضى، _d1919-1979 _eمؤلف. |
|
| 245 | 1 | 2 |
_aالإسلام وإيران / _cمرتضى المطهري ؛ ترجمة أحمد العبيدي. |
| 264 | 1 |
_aطهران : _bمؤسسة الهدى للنشر والتوزيع، _c2000 |
|
| 300 |
_a590 صفحة ؛ _c24 سم |
||
| 336 |
_aنص _btxt _2rdacontent _3كتاب |
||
| 337 |
_aبدون وسيط _bn _2rdamedia |
||
| 338 |
_aمجلد _bnc _2rdacarrier |
||
| 650 | 7 |
_aالإسلام _zإيران _2aucsh |
|
| 700 | 1 |
_aالعبيدي، أحمد _eمترجم. |
|
| 942 |
_2ddc _cBOOK _n0 |
||
| 949 |
_aSA-JeALM _d241217 _umohamedma123 _n1 |
||
| 999 |
_c3807 _d3807 |
||